Garry's French Culture Class Quiz Stats

 Plays Quiz not verified by Sporcle

Support Sporcle.
Go Orange.
Score 0/15 Timer 08:00
0 Plays Today
% Correct
Eiffel Tower
97.7%
Notre Dame
88.6%
The Louvre
61.4%
Monte Carlo
15.9%
Nice
13.6%
Panier
6.8%
Hotel de Ville
6.8%
E1027
4.5%
% Correct
St. Jacques
4.5%
Raincy Church
4.5%
Vielle Charité
2.3%
Communist Headquarters
2.3%
Pere Lachaise
2.3%
Unité d'Habitation
0%
Vielle Charité
0%

You're not logged in!

Compare scores with friends on all Sporcle quizzes.
OR
Log In

From the Vault

Remove Ads.
Support Sporcle.
Get the best of Sporcle when you Go Orange. This ad-free experience offers more features, more stats, and more fun while also helping to support Sporcle. Thank you for becoming a member.

Show Comments

Extras

Top Quizzes Today


Score Distribution

Your Account Isn't Verified!

In order to create a playlist on Sporcle, you need to verify the email address you used during registration. Go to your Sporcle Settings to finish the process.

Report this User

Report this user for behavior that violates our Community Guidelines.

Details: